| 000 | 00625nam a2200169Ia 4500 | ||
|---|---|---|---|
| 999 |
_c20436 _d48434 |
||
| 005 | 20170711053417.0 | ||
| 037 | _aBC_669 27 | ||
| 040 |
_aBC-ENSA _bfre |
||
| 041 | _afre | ||
| 110 | _aOffice national des statistiques | ||
| 245 |
_aL'Algérie en quelques chiffres _brésultats : 1998-1999 |
||
| 260 |
_aAlger _bONS _c2007 |
||
| 300 |
_a76 p. _bcouv. ill. en coul., graph., tabl. _c21 cm |
||
| 562 | _e 1 exemplaire(s) | ||
| 942 | _c09 | ||
| 653 | _aDONNEE STATISTIQUE/ALGERIE/HABITAT/SANTE PUBLIQUE/INDUSTRIE/EMPLOI/ENSEIGNEMENT/AGRICULTURE/TRANSPORT/COMMERCE EXTERIEUR/COMPTABILITE NATIONALE | ||